[Event "Sydney op-A"]
[Site "Parramatta"]
[Date "2008.03.26"]
[Round "3"]
[White "Gomez, Augustin R"]
[Black "Voon, Richard"]
[Result "1/2-1/2"]
[WhiteElo "1988"]
[BlackElo "1990"]
[PlyCount "115"]
[EventDate "2008.03.25"]
[EventType "swiss"]
[EventRounds "9"]
[EventCountry "AUS"]
[SourceTitle "EXT 2023"]
[Source "ChessBase"]
[SourceDate "2022.10.05"]
[SourceVersion "1"]
[SourceVersionDate "2022.10.05"]
[SourceQuality "1"]

1. f4 d5 2. e3 g6 3. Nf3 Bg7 4. Be2 c5 5. 0-0 Nc6 6. d3 e6 7. d4 b6 8. Ne5 Nge7 9. c3 0-0 10. Nd2 f6 11. Nxc6 Nxc6 12. Nf3 e5 13. Bb5 Bb7 14. Bxc6 Bxc6 15. fxe5 fxe5 16. Nxe5 Bxe5 17. dxe5 Qe7 18. Rf4 Qxe5 19. Bd2 Rad8 20. Qg4 Bb5 21. Re1 Bd3 22. Qg3 Qe6 23. b4 c4 24. Bc1 b5 25. Bd2 Qa6 26. Rxf8+ Rxf8 27. Qe5 Be4 28. Rf1 Rxf1+ 29. Kxf1 Qc8 30. Kg1 Qg4 31. Qe8+ Kg7 32. Qe7+ Kh6 33. Qf8+ Kh5 34. Qf1 Bd3 35. Qf3 Be4 36. Qxg4+ Kxg4 37. Be1 Kf5 38. Bg3 Bb1 39. a3 Ke4 40. Kf2 g5 41. Ke2 Bd3+ 42. Kf2 h5 43. Bb8 a6 44. Ba7 h4 45. Bd4 Kf5 46. Bc5 Be4 47. Ba7 Kg4 48. Bc5 h3 49. g3 Bg2 50. Bd4 Kf5 51. Ke2 Ke4 52. Bf6 Bf3+ 53. Kd2 Bg4 54. Bxg5 Kf3 55. Bf4 Kg2 56. Ke1 Kxh2 57. Kf2 Kh1 58. Be5 1/2-1/2

[Event "Sydney op-A"]
[Site "Parramatta"]
[Date "2008.03.25"]
[Round "1"]
[White "Gomez, Augustin R"]
[Black "Dilla, Edsil"]
[Result "0-1"]
[WhiteElo "1988"]
[BlackElo "2153"]
[PlyCount "82"]
[EventDate "2008.03.25"]
[EventType "swiss"]
[EventRounds "9"]
[EventCountry "AUS"]
[SourceTitle "EXT 2023"]
[Source "ChessBase"]
[SourceDate "2022.10.05"]
[SourceVersion "1"]
[SourceVersionDate "2022.10.05"]
[SourceQuality "1"]

1. f4 d5 2. e3 c5 3. b3 Nf6 4. Nf3 e6 5. Bb2 Bd7 6. Ne5 Bd6 7. Bd3 Nc6 8. g4 d4 9. Nc4 Qe7 10. Nba3 Nd5 11. Nxd6+ Qxd6 12. Qf3 0-0-0 13. Nc4 Qc7 14. Be4 Be8 15. 0-0-0 f6 16. f5 b5 17. Na3 Ne5 18. Qg3 Nb4 19. Kb1 Qa5 20. exd4 cxd4 21. c3 Bc6 22. Bxc6 Nbxc6 23. cxd4 Nxd4 24. Qc3+ Qxc3 25. dxc3 Ndf3 26. fxe6 a6 27. h3 Nd3 28. Rhf1 Nfe5 29. Kc2 Rhe8 30. Bc1 Rxe6 31. Bd2 Rc6 32. Kb1 Rcd6 33. Nc2 Nc5 34. Nd4 b4 35. Kc2 Ne4 36. Be1 g5 37. Rh1 bxc3 38. Bxc3 Nxc3 39. Kxc3 Nf3 40. Nxf3 Rxd1 41. Rxd1 Rxd1 0-1

[Event "Benidorm op U2000 06th"]
[Site "Benidorm"]
[Date "2007.??.??"]
[Round "9"]
[White "Gomez, Augustin R"]
[Black "Vasques, Jose Mesquita"]
[Result "1-0"]
[WhiteElo "1985"]
[BlackElo "1905"]
[PlyCount "73"]
[EventDate "2007.11.??"]
[EventType "swiss"]
[EventRounds "9"]
[EventCountry "ESP"]
[SourceTitle "EXT 2010"]
[Source "ChessBase"]
[SourceDate "2010.11.25"]
[SourceVersion "1"]
[SourceVersionDate "2010.11.25"]
[SourceQuality "1"]

1. f4 Nf6 2. Nf3 d6 3. e3 Nc6 4. b3 e5 5. fxe5 dxe5 6. Bb2 Bd6 7. Bb5 e4 8. Ne5 0-0 9. Nxc6 bxc6 10. Be2 Re8 11. 0-0 Be5 12. Bxe5 Rxe5 13. Nc3 Be6 14. Rf4 Nd5 15. Nxd5 cxd5 16. Qf1 Qd7 17. Rd1 Rf5 18. d4 Rb8 19. Rxf5 Bxf5 20. c4 dxc4 21. Bxc4 Rb6 22. Qf4 Rf6 23. Qe5 Bg6 24. Bb5 Qc8 25. Rc1 h6 26. Qxc7 Qg4 27. Qc8+ Qxc8 28. Rxc8+ Kh7 29. Rc7 a6 30. Bc4 Bh5 31. Ra7 Bd1 32. Rxa6 Rf5 33. Ra7 f6 34. Rc7 Rg5 35. Rc5 f5 36. a4 h5 37. a5 1-0